000 00714nam a2200301Ia 4500
005 20260330160943.0
008 008 300114s9999 xx 000 0 eng d
020 _a9780335242108
037 _aEBOOK
040 _aCRL
040 _beng
040 _cCRL
041 _2eng
041 _aeng
084 _qCRL
100 _aHughes
245 0 _aCBT for Mild to Moderate Depression and Anxiety
250 _a1
260 _bMcgraw Hill
260 _c2014
365 _aINR
365 _b122400
650 _aPsychology
856 _uhttps://resolver.vitalsource.com/9780335242108/?brand=mcgrawhillindia.vitalsource.com
942 _cEBOOK
999 _c1844434
_d1844434